000
00295nam a22001217a 4500
003
SGT
082
_a
340
_b
SAH
100
_a
SAHARAN ANKITA
245
_a
ROLE OF JUDICIARY IN DEVELOPING ENVIRONMENTAL JURISPRUDENCE IN INDIA A CRITICAL STUDY
260
_c
2020
300
_a
106
942
_2
ddc
_c
TH
999
_c
34035
_d
34035